000
00326 a2200145 4500
001
147356
040
_c
Escola São Tomás de Aquino
100
_a
BORGES, Geruza Helena
240
1
0
_a
Festa do divino
_l
por
245
1
0
_a
Festa do divino
362
0
_a
1993
440
1
_a
Mazza
697
_a
*LITERATURA INFANTO
942
_c
BK
999
_c
147356
_d
147356